000
00365nam a22001097a 4500
082
_a
891.433/CHO/S
100
_a
संतोष चाैबे
_9
83807
245
_a
नौ बिन्दुओं का खेल
260
_a
भोपाल
_b
आईसेक्ट पब्लिकेशन
_c
2025
650
_a
कहानियां
942
_c
HIN
999
_c
68794
_d
68794